[Event "Unna op"]
[Site "Unna"]
[Date "2014.12.27"]
[Round "2"]
[White "Georg, Heinz"]
[Black "Kraemer, Sascha"]
[Result "1-0"]
[WhiteElo "2160"]
[BlackElo "1837"]
[PlyCount "103"]
[EventDate "2014.12.27"]
[EventType "swiss"]
[EventRounds "7"]
[EventCountry "GER"]
[SourceTitle "CBM 164 Extra"]
[Source "ChessBase"]
[SourceDate "2015.03.02"]
[SourceVersion "1"]
[SourceVersionDate "2015.03.02"]
[SourceQuality "1"]

1. e4 c5 2. Nf3 e6 3. b3 d6 4. Bb2 Nc6 5. d4 cxd4 6. Nxd4 Nf6 7. Bd3 Be7 8. 0-0 e5 9. Nxc6 bxc6 10. c4 0-0 11. Nc3 Nd7 12. Bc2 Nc5 13. Ne2 Qb6 14. Kh1 f5 15. exf5 Bxf5 16. Ng3 Bxc2 17. Qxc2 Rf7 18. Nf5 Raf8 19. Nxe7+ Rxe7 20. Rad1 Re6 21. f3 Rg6 22. Ba3 Qa5 23. Qc1 Nb7 24. Rfe1 Rf5 25. Re2 c5 26. Rd5 Rf4 27. Bb2 Qxa2 28. Rd3 Rgf6 29. Qd1 Qa6 30. g3 Rxf3 31. Rxf3 Rxf3 32. Qd5+ Rf7 33. Rf2 Nd8 34. Rxf7 Nxf7 35. Qa8+ Nd8 36. Qxd8+ Kf7 37. Qd7+ Kf6 38. h4 h6 39. Kh2 Qb6 40. Kh3 a5 41. Bc3 Kg6 42. Qe6+ Kh7 43. Bxe5 Qb7 44. Qxd6 Qh1+ 45. Kg4 Qe4+ 46. Bf4 Qe2+ 47. Kf5 Qc2+ 48. Ke5 Qxb3 49. Kd5 a4 50. Be5 Qb7+ 51. Kxc5 a3 52. Qd3+ 1-0